000 00591nam a2200205Ia 4500
005 20260429112038.0
008 260429s9999||||xx |||||||||||||| ||und||
020 _a9781804890516
041 _aEnglish
082 _a910.285
_bABE
100 _aAbercrombie, Lascelles
245 0 _aQualitative GIS /
_cLascelles Abercrombie
260 _aUnited Kingdom :
_bBrilliant Publication Ltd. ,
_c2024.
300 _avi, 266 p.; hb
650 _a Human geography
650 _a Qualitative research
650 _a Spatial analysis
650 _aGeographic information systems
942 _cTB
999 _c52059
_d52059